| 000 | 00763cab a2200205 4500 | ||
|---|---|---|---|
| 001 | L136175 | ||
| 008 | 070116n2007 000 0 eng u | ||
| 035 | _a(Sirsi) u136175 | ||
| 041 | 0 | _aeng | |
| 100 | 1 | _aBradford, Katie | |
| 245 | 0 | 0 | _aDon't make light of it |
| 260 | _c2007 | ||
| 490 | 0 |
_aEstates Gazette _v(0702) 13 January 2007, 116-118(3) |
|
| 520 | _aLooks at the subject of right to light injunctions with particular reference to "Regan v Paul Properties DPF No 1 Ltd". Gives tips for objectors and a guide to what developers should and should not do. | ||
| 590 | _aNTK | ||
| 650 | 2 | 4 | _aREGAN V PAUL PROPERTIES AND OTHERS |
| 690 | _aPROPERTY-PROPERTY MANAGEMENT-EASEMENTS-RIGHTS TO LIGHT DETERMINATION | ||
| 700 | 1 | _aHartley, Simon | |
| 942 | _n0 | ||
| 999 |
_c78168 _d78168 |
||